Bibliography of the geology and mineral resources of Arizona, 1939-1952, (Record no. 28790)
[ view plain ]
| 000 -LEADER | |
|---|---|
| fixed length control field | 01329cam a22003011 4500 |
| 001 - CONTROL NUMBER | |
| control field | gs 53000297 |
| 003 - CONTROL NUMBER IDENTIFIER | |
| control field | DLC |
| 005 - DATE AND TIME OF LATEST TRANSACTION | |
| control field | 20260227111400.0 |
| 008 - FIXED-LENGTH DATA ELEMENTS--GENERAL INFORMATION | |
| fixed length control field | 780519s1953 azu b 00010 eng c |
| 010 ## - LIBRARY OF CONGRESS CONTROL NUMBER | |
| LC control number | gs 53000297 //r894 |
| 040 ## - CATALOGING SOURCE | |
| Original cataloging agency | U.S. Geol. Survey. Libr. |
| 043 ## - GEOGRAPHIC AREA CODE | |
| Geographic area code | n-us-az |
| 050 0# - LIBRARY OF CONGRESS CALL NUMBER | |
| Classification number | Z6034.U5 |
| Item number | A7 |
| 051 ## - LIBRARY OF CONGRESS COPY, ISSUE, OFFPRINT STATEMENT | |
| Classification number | TN24.A6 |
| Item number | A35 no. 161 |
| Copy information | Copy 2. |
| 100 10 - MAIN ENTRY--PERSONAL NAME | |
| Personal name | Anthony, John W. |
| Fuller form of name | (John Williams), |
| Dates associated with a name | 1920- |
| 245 00 - TITLE STATEMENT | |
| Title | Bibliography of the geology and mineral resources of Arizona, 1939-1952, |
| Statement of responsibility, etc. | by John W. Anthony, Eldred D. Wilson, and Richard T. Moore. |
| 260 0# - PUBLICATION, DISTRIBUTION, ETC. | |
| Place of publication, distribution, etc. | Tucson, |
| Name of publisher, distributor, etc. | University of Arizona, |
| Date of publication, distribution, etc. | 1953. |
| 300 ## - PHYSICAL DESCRIPTION | |
| Extent | 62 p. |
| Dimensions | 23 cm. |
| 490 1# - SERIES STATEMENT | |
| Series statement | Arizona. Bureau of Mines. Bulletin no. 161. Geological series, no. 20 |
| 500 ## - GENERAL NOTE | |
| General note | University of Arizona bulletin, v. 24, no. 1. |
| 500 ## - GENERAL NOTE | |
| General note | "Supplementing Arizona Bureau of Mines Bulletin no. 146 ... published in 1939." |
| 650 #0 - SUBJECT ADDED ENTRY--TOPICAL TERM | |
| Topical term or geographic name entry element | Geology |
| Geographic subdivision | Arizona |
| General subdivision | Bibliography. |
| 650 #0 - SUBJECT ADDED ENTRY--TOPICAL TERM | |
| Topical term or geographic name entry element | Mines and mineral resources |
| Geographic subdivision | Arizona |
| General subdivision | Bibliography. |
| 650 #0 - SUBJECT ADDED ENTRY--TOPICAL TERM | |
| Topical term or geographic name entry element | Paleontology |
| Geographic subdivision | Arizona |
| General subdivision | Bibliography. |
| 700 11 - ADDED ENTRY--PERSONAL NAME | |
| Personal name | Wilson, Eldred Dewey, |
| Dates associated with a name | 1898- |
| Title of a work | Bibliography of the geology and mineral resources of Arizona. |
| 830 #0 - SERIES ADDED ENTRY--UNIFORM TITLE | |
| Uniform title | Bulletin (University of Arizona. State Bureau of Mines) ; |
| Volume/sequential designation | no. 161. |
| 810 1# - SERIES ADDED ENTRY--CORPORATE NAME | |
| Corporate name or jurisdiction name as entry element | Arizona. |
| Subordinate unit | State Bureau of Mines. |
| Title of a work | Geological series, |
| Volume/sequential designation | no. 20. |
No items available.